00313nam a22001457a 450000500170000002000180001704100120003508200160004710000210006324500180008425000070010226000390010930000080014836500110015620260619131644.0 a9789391793197 aEnglish aT13 R25 PAR aParthasarathy Na aThulasi Madam a01 aChennaibCholan Publicationsc2025 a288 b595.00